Junior Forensic Science Brno 2014. JuFoS [elektronický zdroj] : 6. odborná konference doktorského studia. Brno 23.4.2014

Guardado en:
Detalles Bibliográficos
Formato: Libro
Publicado: Brno : Vysoké učení technické v Brně, 2014
Edición:1. vyd.
Etiquetas: Agregar Etiqueta
Sin Etiquetas, Sea el primero en etiquetar este registro!

MARC

LEADER 00000nam a22000003a 4500
001 stu289129
005 20150408183146.1
008 140512s2014----xr----------------------d
020 |a 978-80-214-4935-0 
040 |a STU  |b slo 
041 0
044 |a xr 
245 |a Junior Forensic Science Brno 2014. JuFoS [elektronický zdroj] :  |b 6. odborná konference doktorského studia. Brno 23.4.2014 
250 |a 1. vyd. 
260 |a Brno :  |b Vysoké učení technické v Brně,  |c 2014 
300 |a 1 CD-ROM 
500 |a zborník bol recenzovaný 
996 |b 284M084338  |c M*CD-2401  |l MMKN  |s A  |a 24  |w stu289129_0001